La familia como institución : (Record no. 214399)

MARC details
000 -CABECERA
campo de control de longitud fija 01943nam a2200253 i 4500
003 - IDENTIFICADOR DEL NÚMERO DE CONTROL
campo de control MX-MxUPN
005 - FECHA Y HORA DE LA ÚLTIMA TRANSACCIÓN
campo de control 20260107100610.0
008 - ELEMENTOS DE LONGITUD FIJA--INFORMACIÓN GENERAL
campo de control de longitud fija 251024t2016 mx||||||r|||| 000 0 spa d
020 ## - NÚMERO INTERNACIONAL NORMALIZADO PARA LIBROS
Número Internacional Estándar del Libro 9786077424758
040 ## - FUENTE DE LA CATALOGACIÓN
Centro catalogador/agencia de origen MX-MxUPN
Lengua de catalogación spa
Centro/agencia transcriptor MX-MxUPN
041 0# - CÓDIGO DE IDIOMA
Código de lengua del texto/banda sonora o título independiente spa
050 14 - SIGNATURA TOPOGRÁFICA DE LA BIBLIOTECA DEL CONGRESO
Número de clasificación HQ503
Número de documento/Ítem F36 2016
245 03 - MENCIÓN DE TÍTULO
Título La familia como institución :
Resto del título cambios y permanencias
250 ## - MENCIÓN DE EDICIÓN
Mención de edición Primera edición.
260 ## - PUBLICACIÓN, DISTRIBUCIÓN, ETC.
Lugar de publicación, distribución, etc. Tonalá, Jalisco :
Nombre del editor, distribuidor, etc. Universidad de Guadalajara, Centro Universitario de Tonalá,
Fecha de publicación, distribución, etc. ©2016
300 ## - DESCRIPCIÓN FÍSICA
Extensión 286 páginas
505 00 - NOTA DE CONTENIDO CON FORMATO PREESTABLECIDO
Título La familia: trayecto de una investigación psicoanalítica de la Fundación Psicoanalítica Madrid/1987 /
Mención de responsabilidad Xóchitl Romo --
Título Violencias de Estado: exilio y desaparición forzada /
Mención de responsabilidad Helí Morales --
Título Mutantes. El psicoanálisis interpelado por las formas de subjetivación contemporáneas /
Mención de responsabilidad Ana Hounie --
Título La familia como institución y universal. Análisis de los cambios modernos /
Mención de responsabilidad Gerardo Romo Morales --
Título Transmisión familiar, migración y exilio. Su vínculo con la formación e innovación. Análisis de un caso /
Mención de responsabilidad Rosa Martha Romo Beltrán --
Título Las familias, la sociedad y el sujeto /
Mención de responsabilidad Elvia Taracena --
Título Mujeres que han decidido no tener hijos /
Mención de responsabilidad Francisco Javier Cortazar Rodríguez --
Título La influencia de la capacitación empresarial para la profesionalización en la empresa familiar: el caso de los artesanos de Tonalá, Jalisco /
Mención de responsabilidad Aimée Pérez Esparza --
Título Contribución de las acciones colectivas identitarias a las nuevas configuraciones de familia en América Latina /
Mención de responsabilidad Mary Luz Alzate Zuluaga --
Título Derechos humanos, familia y democracia. Apuntes para políticas públicas /
Mención de responsabilidad Carlos E. Quintero.
650 #4 - ASIENTO SECUNDARIO DE MATERIA - TERMINO TEMATICO
Término de materia o nombre geográfico como elemento de entrada Familias
Subdivisión general Aspectos sociales
9 (RLIN) 12049
650 #4 - ASIENTO SECUNDARIO DE MATERIA - TERMINO TEMATICO
Término de materia o nombre geográfico como elemento de entrada Familias
Subdivisión general Aspectos psicológicos
9 (RLIN) 14119
700 1# - ASIENTO SECUNDARIO--NOMBRE DE PERSONAL
Nombre de persona Romo Morales, Gerardo
9 (RLIN) 58554
Término indicativo de función/relación coordinación
902 ## - ELEMENTOS DE DATOS B LOCAL, LDB (RLIN)
Creó MarisolLicea/24102025
Modificó Víctor Ruiz/070126
942 ## - ELEMENTOS DE PUNTO DE ACCESO ADICIONAL (KOHA)
Fuente del sistema de clasificación o colocación Library of Congress Classification
Tipo de ítem Koha Libro
Suprimir en OPAC No
Holdings
Estado de retiro Estado de pérdida Fuente del sistema de clasificación o colocación Estado dañado No para préstamo Código de colección Localización permanente Ubicación/localización actual Ubicación en estantería Fecha de adquisición Total de préstamos Clasificación Código de barras Fecha visto por última vez Tipo de ítem Koha
    Library of Congress Classification     Colección General Bib. Gregorio Torres Quintero Bib. Gregorio Torres Quintero Planta baja 24/10/2025   HQ503 F36 2016 340863 24/10/2025 Libro